Arquitectura vernacular amazónica: la maloca : (Registro nro. 5973)

Detalles MARC
000 -LEADER
campo de control de longitud fija 02595cam a22004574i 4500
003 - IDENTIFICADOR DE NÚMERO DE CONTROL
campo de control PE-LiUPU
005 - FECHA Y HORA DE LA ÚLTIMA TRANSACCIÓN
campo de control 20250731183332.0
008 - DATOS DE LONGITUD FIJA--INFORMACIÓN GENERAL
campo de control de longitud fija 050823s2004 xx 000 0 spa d
020 ## - NÚMERO INTERNACIONAL ESTÁNDAR DEL LIBRO
Número Internacional Estándar del Libro 9789972885709
020 ## - NÚMERO INTERNACIONAL ESTÁNDAR DEL LIBRO
Número Internacional Estándar del Libro 9972885704
035 ## - NÚMERO DE CONTROL DEL SISTEMA
Número de control de sistema (Sirsi) i9789972885709
040 ## - FUENTE DE CATALOGACIÓN
Centro catalogador/agencia de origen GBVCP
Lengua de catalogación spa
Normas de descripción rakwb
Centro/agencia transcriptor GBVCP
Centro/agencia modificador PE-LiUPU
Normas de descripción rda
049 ## - FONDOS LOCALES (OCLC)
Biblioteca depositaria PRUA
050 #4 - SIGNATURA TOPOGRÁFICA DE LA BIBLIOTECA DEL CONGRESO
Número de clasificación F2270.2.B6
082 04 - NÚMERO DE LA CLASIFICACIÓN DECIMAL DEWEY
Número de clasificación 728.08998
Cutter M26
100 1# - ENTRADA PRINCIPAL--NOMBRE DE PERSONA
Nombre de persona Marussi Castellan, Ferruccio,
Término indicativo de función/relación autor.
245 10 - MENCIÓN DEL TÍTULO
Título Arquitectura vernacular amazónica: la maloca :
Resto del título vivienda colectiva de los boras /
Mención de responsabilidad, etc. Ferruccio Marussi Castellán.
250 ## - MENCION DE EDICION
Mención de edición Primera edición.
264 3# - PRODUCCIÓN, PUBLICACIÓN, DISTRIBUCIÓN, FABRICACIÓN Y COPYRIGHT
Producción, publicación, distribución, fabricación y copyright Lima :
Nombre del de productor, editor, distribuidor, fabricante Editorial Universitaria, Universidad Ricardo Palma,
Fecha de producción, publicación, distribución, fabricación o copyright 2004.
300 ## - DESCRIPCIÓN FÍSICA
Extensión 254 páginas :
Otras características físicas ilustraciones ;
Dimensiones 24 centímetros.
336 ## - TIPO DE CONTENIDO
-- ext
Fuente rdacontent
337 ## - TIPO DE MEDIO
-- nmediated
Fuente rdamedia
338 ## - TIPO DE SOPORTE
-- olume
Fuente rdacarrier
504 ## - NOTA DE BIBLIOGRAFÍA, ETC.
Nota de bibliografía, etc. Bibliografía : páginas 245-254.
505 2# - NOTA DE CONTENIDO CON FORMATO
Nota de contenido con formato Metodología -- El medio geográfico y el paisaje amazónico -- Los grupos étnicos que conservan la tradicción constructuva de la maloca -- Antecendentes históricos -- Densidades de edificación y características de la ocupación del territorio -- Localización de asentamientos humanos visitados y malocas levantadas -- Los levantamientos realizados -- Tamaños formas y proporciones -- Características funcionales y simbólicas -- Los materiales utilizados -- Los sistemas y procesos constructivos -- La especialización del trabajo y perdurabilidad de la tradición constructiva.
526 ## - NOTA DE INFORMACIÓN SOBRE EL PROGRAMA DE ESTUDIO
Nombre del programa Maestría Bim Facility Management (A distancia)
526 ## - NOTA DE INFORMACIÓN SOBRE EL PROGRAMA DE ESTUDIO
Nombre del programa
526 ## - NOTA DE INFORMACIÓN SOBRE EL PROGRAMA DE ESTUDIO
Nombre del programa Educación musical y artes
526 ## - NOTA DE INFORMACIÓN SOBRE EL PROGRAMA DE ESTUDIO
Nombre del programa Educación, especialidad educación física
526 ## - NOTA DE INFORMACIÓN SOBRE EL PROGRAMA DE ESTUDIO
Nombre del programa Arquitectura
541 ## - NOTA DE FUENTE DE ADQUISICIÓN DIRECTA
-- 019-0024019:
596 ## -
-- 1
653 80 - TÉRMINO DE INDIZACIÓN--NO CONTROLADO
Término no controlado Arquitectura vernácula
-- Perú
-- Amazonía.
942 ## - ELEMENTOS DE ENTRADA SECUNDARIOS (KOHA)
Fuente del sistema de clasificación o colocación Clasificación Decimal Dewey
Tipo de ítem Koha
949 ## - PROCESAMIENTO DE INFORMACIÓN LOCAL (OCLC)
a 728.08998 M26
w DEWEY
c 1
i 69381
l CCODEBUL1
m BUL
p 7.55
r 0
s Y
t BOOK
u 2016-9-14
x INGENIERIA
-- P06
0 COMPRA
o .STAFF. Colección FIA
949 ## - PROCESAMIENTO DE INFORMACIÓN LOCAL (OCLC)
a 728.08998 M26
w DEWEY
c 2
i 74459
e 2015-9-1
l CCODEBUL1
m BUL
n 1
p 7.55
r 0
s Y
t BOOK
u 2016-8-12
x INGENIERIA
-- P06
0 COMPRA
o .STAFF. Colección General
994 ## -
-- C0
-- PEPRU
999 ## - NÚMEROS DE CONTROL DE SISTEMA (KOHA)
-- DEWEY
-- 69381
-- 2021-11-30
-- 7
-- CCODEBUL1
-- BUL
-- 7.55
-- 2
-- 0
-- Y
-- BOOK
-- 2016-9-14
-- INGENIERIA
-- P06
-- COMPRA
-- .STAFF. Colección FIA
999 ## - NÚMEROS DE CONTROL DE SISTEMA (KOHA)
-- DEWEY
-- 74459
-- 2019-7-9
-- 2021-11-30
-- 7
-- CCODEBUL1
-- BUL
-- 9
-- 7.55
-- 1
-- 0
-- Y
-- BOOK
-- 2016-8-12
-- INGENIERIA
-- P06
-- COMPRA
-- .STAFF. Colección General
980 ## - EQUIVALENCIA O REFERENCIA-CRUZADA-MENCIÓN DE SERIE--NOMBRE DE PERSONA/TÍTULO [LOCAL, CANADÁ]
ID del último usuario que modificó el registro 1
Nombre del último usuario que modificó el registro ALBERTO SANCHEZ Responsable de Automatización
Existencias
Visto por última vez Número de inventario Total de préstamos Signatura topográfica completa Código de barras Fecha del último préstamo Copia número Coste, precio de reemplazo Fecha de reemplazo Facultad Tipo de ítem Koha Nota pública Estado de pérdida Fuente del sistema de clasificación o colocación Restricciones de uso No para préstamo Colección Programa académico Biblioteca de origen Biblioteca actual Ubicación en estantería Fecha de adquisición Fuente de adquisición Coste, precio normal de compra
2025-12-03 8 9 728.08998 M26 69381 2019-07-09 e1 12.55 2016-09-14 FIA Libros físicos inventario-2023-12-13 No Perdido Clasificación Decimal Dewey No restringido Disponible para préstamos Colección General Arquitectura Biblioteca CRAI UPeU Lima Biblioteca CRAI UPeU Lima Sala principal 2016-09-14 COMPRA 7.55
2025-12-03 8   728.08998 M26 74459   e2 12.55 2016-08-12 FIA Libros físicos inventario-2023-12-13 No Perdido Clasificación Decimal Dewey No restringido Disponible para préstamos Colección General Arquitectura Biblioteca CRAI UPeU Lima Biblioteca CRAI UPeU Lima Sala principal 2016-08-12 COMPRA 7.55